Climate change : the IPCC scientific assessment

Αποθηκεύτηκε σε:
Λεπτομέρειες βιβλιογραφικής εγγραφής
Συλλογικό Έργο: Intergovernmental Panel on Climate Change, United Nations Environment Programme
Άλλοι συγγραφείς: Houghton, John Theodore (Επιμελητής έκδοσης), Jenkins, G. J. (Geoffrey J.) (Επιμελητής έκδοσης), Ephraums, J. J. (Επιμελητής έκδοσης)
Μορφή: Βιβλίο
Γλώσσα:English
Δημοσίευση: Cambridge : Cambridge University Press, 1993
Θέματα:
Ετικέτες: Προσθήκη ετικέτας
Δεν υπάρχουν, Καταχωρήστε ετικέτα πρώτοι!

MARC

LEADER 00000nam a2200000 i 4500
001 1/92630
008 940225s1993 eng d
020 |a 0-521-40720-6 
035 |l 10008540 
040 |a GR-MY-UA  |b gre  |e aacr 
041 0 |a eng 
082 0 |a 551.6 
110 2 |a Intergovernmental Panel on Climate Change. 
245 1 0 |a Climate change :  |b the IPCC scientific assessment /  |c Intergonvernmental Panel on Climate Change ; Edited by J. T. Houghton; G. J. Jenkins; J. J. Ephraums 
260 |a Cambridge :   |b Cambridge University Press,   |c 1993 
300 |a 364 p.  |b Fig.; tables 
650 0 0 |a Climatic changes. 
700 1 |a Houghton, John Theodore.  |4 edt 
700 1 |a Jenkins, G. J. (Geoffrey J.)  |4 edt 
700 1 |a Ephraums, J. J.  |4 edt 
710 2 |a United Nations Environment Programme. 
852 |a INST  |b LESVOS  |e 19940225  |h 551.6 CLI  |p 005100005841  |q 005100005841  |t BK  |y 0 
909 |a Λ  |b 032767